00371nam a2200145Ia 4500008004100000041000800041082001800049100001900067245005600086260002000142300001700162365001200179650001700191650001700208210719s2009 xx 000 0 und d akan a361.614K REVH aREVANNA ODEYAR aHakku kartavyagalu: ondu parikalpanatmaka adhyayana aBengaluruc2009 aviii,172bPB b125cRs aHuman Rights aHuman Rights